000 00525nam a2200217Ia 4500
003 OSt
005 20230616104910.0
008 210423s2010 xx 000 0 und d
020 _a9788126145089
040 _cAL
041 _aeng
082 _a620.5 BHAN
_223
100 _aBHATIA (Manoj).
_997742
245 _aNanotechnology.
260 _aNew Delhi
_bAnmol Publications
_c2010
300 _avii,296
_bPB
365 _b900
_cINR
650 _aNanotechnology
_997743
906 _aNanotechnology.
942 _2ddc
_cBK
999 _c162045
_d162045